LIBRARY & INFORMATION CENTRE, KCAET, TAVANUR

ONLINE PUBLIC ACCESS CATALOGUE (OPAC)

A textbook of electrical technology : in S.I. system of units : Vol. 2,. AC and DC machines (Record no. 16368)

MARC details
000 -LEADER
fixed length control field 00302nam a22000977a 4500
003 - CONTROL NUMBER IDENTIFIER
control field OSt
008 - FIXED-LENGTH DATA ELEMENTS--GENERAL INFORMATION
fixed length control field 201013b ||||| |||| 00| 0 eng d
100 ## - MAIN ENTRY--AUTHOR NAME
Personal name Theraja, B. L
-- Theraja, A. K
245 ## - TITLE STATEMENT
Title A textbook of electrical technology : in S.I. system of units : Vol. 2,. AC and DC machines
942 ## - ADDED ENTRY ELEMENTS (KOHA)
Koha item type Books
Holdings
Withdrawn status Lost status Damaged status Home library Current library Shelving location Date acquired Cost, normal purchase price Accession Number Koha item type
    Damaged KAUAET KAUAET Binding Shelf 13/10/2020 110.00 18847 Books
free website counter